【歴代総理大臣一覧】出身大学(平成以降) - Statistics

General Stats
  • This quiz has been taken 57 times
  • The average score is 19 of 24
Answer Stats
名前 大学名 補足(旧称・学科) % Correct
橋本龍太郎 慶應義塾大学 ○○大学 法学部政治学科・卒業
100%
小泉純一郎 慶應義塾大学 ○○大学 経済学部・卒業
100%
石破茂 慶應義塾大学 ○○大学 法学部 法律学科・卒業
100%
早稲田大学 ○○大学大学院 法学研究科 修士課程・中退
98%
宮澤喜一 東京大学 ○○帝国大学 法学部 政治学科・卒業
98%
小渕恵三 早稲田大学 ○○大学 第一文学部・卒業
98%
早稲田大学 ○○大学大学院 政治学研究科・修了
98%
森喜朗 早稲田大学 ○○大学 第二商学部・卒業
98%
福田康夫 早稲田大学 ○○大学 第一政治経済学部 経済学科・卒業
98%
鳩山由紀夫 東京大学 ○○大学 工学部 計数工学科・卒業
98%
野田佳彦 早稲田大学 ○○大学 政治経済学部 政治学科・卒業
98%
岸田文雄 早稲田大学 ○○大学 法学部・卒業
98%
神戸大学 神戸商業大学・中退
87%
高市早苗 神戸大学 ○○大学 経営学部 経営学科・卒業
87%
菅義偉 法政大学 ○○大学 法学部 政治学科・卒業
85%
安倍晋三 成蹊大学 ○○大学 法学部 政治学科・卒業
76%
村山富市 明治大学 旧制○○大学専門部 政治経済学科・卒業
72%
海部俊樹 中央大学 旧制○○大学専門部 法科・卒業
65%
細川護煕 上智大学 ○○大学 法学部・卒業
59%
菅直人 東京工業大学 ○○大学 理学部 応用物理学科・卒業
59%
麻生太郎 学習院大学 ○○大学 政経学部・卒業
52%
羽田孜 成城大学 ○○大学 経済学部・卒業
35%
宇野宗佑 滋賀大学 彦根高等商業学校・卒業
24%
スタンフォード大学 ○○大学大学院 博士課程・修了
17%
No matching quizzes found
Score Distribution
Percent of People with Each Score
Percentile by Number Answered
Your Score History
You have not taken this quiz